| 000 -LEADER |
| fixed length control field |
00594nam a22001817a 4500 |
| 008 - FIXED-LENGTH DATA ELEMENTS--GENERAL INFORMATION |
| fixed length control field |
151012b xxu||||| |||| 00| 0 eng d |
| 020 ## - INTERNATIONAL STANDARD BOOK NUMBER |
| International Standard Book Number |
0070068836 (acidfree paper) |
| 041 0# - LANGUAGE CODE |
| Language code of text/sound track or separate title |
eng |
| 080 ## - UNIVERSAL DECIMAL CLASSIFICATION NUMBER |
| Universal Decimal Classification number |
658.7 |
| 100 1# - Rafti |
| Rafti |
Bowersox, Donald J. |
| 245 10 - TITLE STATEMENT |
| Title |
Logistical management : |
| Statement of responsibility, etc |
Donald J. Bowersox, David J. Closs. |
| 260 ## - |
| -- |
New York : |
| -- |
McGraw-Hill Companies, |
| -- |
1996. |
| 300 ## - |
| -- |
xix, 730 f. : |
| -- |
me il.; |
| -- |
24 cm. |
| 650 #0 - |
| -- |
Shpërndarja fizike e produkteve |
| 650 #0 - |
| -- |
Menaxhimi i materialeve |
| 700 1# - |
| -- |
Closs, David J. |
| 942 ## - ADDED ENTRY ELEMENTS (KOHA) |
| Source of classification or shelving scheme |
|
| Item type |
Books |